LEADER 01181nam a2200289 a 4500 001 000000131956 003 CaOOAMICUS 005 20121206135144.0 008 121206r19421939it cf u000 u ita r 040 $aPUL$bita 041 1 $aita$hger 100 1 $aFichte, Johann Gottlieb,$d1762-1814.$0(OLS)http://pul/name/16807 245 10$aDiscorsi alla nazione tedesca /$cJohann Gottlieb Fichte ; a cura di Barbara Allason. 250 $aRistampa della 1. ed. del 1939. 260 $aTorino :$bUTET,$c1942. 300 $a271 p., [1] p. di tav. :$britr. ;$c18 cm 490 1 $aI grandi scrittori stranieri 651 4$aGermania$xStoria$ySec. XVIII.$0(OLS)http://pul/subject/39222 700 1 $aAllason, Barbara,$d1877-1968.$0(OLS)http://pul/name/14876 830 2$aI grandi scrittori stranieri.$0(OLS)http://pul/title/11459 850 $aPUL 852 $aPUL$W1$xDP1 Fondo E. Rossi$y115$m1 F 27$j152004$qFondi$B151221$CPULBib$Z2$F151221 $82 941 1 $a1 961 $aSul dorso collocazione ms. di E. Rossi: F 15 996 $6245$aDiscorsi alla nazione tedesca$9(OLS)http://pul/title/166718 996 $6260$aTorino :$bUTET$9(OLS)http://pul/publisher/48088 LEADER 01360nam a2200313 u 4500 001 000000027866 003 CaOOAMICUS 005 20070226111734.0 008 960222s1995 enkc u000 u fre u 020 $a0860784541 035 $a10724061 040 $aEFR$bita 100 1 $aEsbroeck, Michel van,$cS.I.,$d1934-2003.$0(OLS)http://pul/name/2162 245 10$aAux origines de la Dormition de la Vierge :$bétudes historiques sur les traditions orientales /$cMiche van Esbroeck. 260 $aAldershot :$bVariorum,$c1995. 300 $aviii, 325 p. :$bant. (ritr.) ;$c23 cm 490 1 $aCollected studies series ;$v472 500 $aRecueil d'articles parus dans divers ouvrages. 600 04$aMaria Virgo,$cs.$0(OLS)http://pul/subject/500 830 0$aCollected studies series ;$v472.$0(OLS)http://pul/title/72 850 $aPUL 852 $aPUL$W1$xSL Filosofia 1$y2$m115 H 20$j38771$nBK-PRI$b $qStampati$B38771$CPULBib$Z2$F38771 $H $81 941 1 $a8 960 $aMariologia$9500 960 $aMariologia$9500 961 $aINV: 77784 996 $6020$a0860784541$9(OLS)http://pul/number/34558 996 $6245$aAux origines de la Dormition de la Vierge :$bétudes historiques sur les traditions orientales$9(OLS)http://pul/title/38082 996 $6260$aAldershot :$bVariorum$9(OLS)http://pul/publisher/48078